000 00748nam a22002417a 4500
005 20230512221631.0
008 180320t xxu||||| |||| 00| 0 eng d
020 _a9781416062493
040 _cCSPC
082 0 _a615.1
_bL528p
100 _aLehne, Richard A.,
_eauthor.
245 0 0 _aPharmacology for nursing care/
_cRichard A. Lehne
250 _aSeventh (7th)
_bedition.
260 _aEdinburgh :
_bSaunders Elsevier ;
_c2010.
300 _axiv, 1362 pages :
_bfigures, tables ;
_c26 cm.
500 _aIncludes Index.
650 1 0 _aNursing.
650 1 0 _aPharmacology.
940 _ayves
942 _cBOOK
_jNUR 615.1 L528p 2010
999 _c2983
_d2983